000 00259nam a2200109Ia 4500
008 200302s9999 xx 000 0 und d
100 _aRowland Mainstone
245 _aDevelopments in Structural Form
260 _bThe Mit Press
260 _c1975
300 _a350 P.,
999 _c72
_d72